000 00562nam a2200241 a 4500
001 nice12345678
003 IN_TiNIC
005 20260116011851.0
008 050524s1978 newa grp 000 0 eng
020 _a
_c95
082 0 0 _a954.91
_bKUM
100 _aKumar, Satish
245 _aNew Pakistan
260 _aNew Delhi
_bVikas Publication House
_c1978
300 _a387
500 _aincludes index and biblioraphy
505 2 _aIndex
650 _aPakistan-History
700 1 _aKumar, Satish
902 _bSRS
942 _cBK
999 _c4563
_d4563